=LDR 00000nam 2200000 4500 =001 INLIS000000000048465 =005 20161104101141.0 =006 =007 =008 =020 ##$$a 978-979-518-984-8 =035 ##$$0010-111600000000044 =040 ##$$a NBPDMAT =082 ##$$a 613.072 =090 ##$$a 618.072$bSoe m =100 ##$$a Soekidjo Notoatmodjo =245 ##$$a Metodologi penelitian kesehatan $c / Soekidjo Notoatmodjo =250 ##$$a Ed. Revisi, Cet. 2 =260 ##$$a Jakarta $b Rineka Cipta $c 2012 =300 ##$$a xix, 243 hlm. ; $c 24 cm =500 ##$$a Bibliografi hlm. : 236 =500 ##$$a Indeks hlm. : 237 - 241 =500 ##$$a Biografi hlm. : 242 - 243 =650 ##$$a Kesehatan - Penelitian =850 ##$$a NBPDMAT =990 ##$$a 51600175